| 000 | 00776nam a2200229 a 4500 | ||
|---|---|---|---|
| 001 | 45540 | ||
| 003 | BD-RjUL | ||
| 005 | 20211209054030.0 | ||
| 008 | 1607 r19651954njub b 001 0 eng | ||
| 035 | _a(BD-RjUL)45658 | ||
| 040 |
_aDLC _cDLC _dDLC _dBD-RjUL _beng |
||
| 041 | _aeng | ||
| 082 | 0 | 0 |
_a330.952 _223 _bLOE 1965 |
| 100 | 1 |
_aLockwood, William W. _q(William Wirt), _d1906-1978. _9132537 |
|
| 245 | 1 | 4 |
_aThe economic development of Japan : _bgrowth and structural change 1868-1938 / _cby William W. Lockwood. |
| 260 |
_aPrinceton : _bPrinceton University Press, _c1954 [printing 1965] |
||
| 300 |
_axv, 603 p. : _bill. ; _c21 cm. |
||
| 500 | _aIncludes index. | ||
| 650 | 0 |
_aIndustries _zJapan. _9132538 |
|
| 651 | 0 |
_aJapan _xEconomic conditions. _9132539 |
|
| 942 |
_2ddc _cBK |
||
| 999 |
_c45540 _d45540 |
||